000 00263 a2200121 4500
999 _c321547
_d321547
001 86474
003 NUST
005 20180122153523.0
008 180122b xxu||||| |||| 00| 0 eng d
082 _a398.2 JAF
100 _aZameer Jafari
_99508
245 _aMun Maila
_hUrdu
260 _aIslamabad
_bLok Virsa
_c1997
300 _a448p.
942 _aAHQ
_cBK
_k398.2 JAF
_2ddc